[Event "Mittelrhein Verbandsliga-M 16/17"]
[Site "Nordrheinwestfalen"]
[Date "2017.02.19"]
[Round "8.3"]
[White "Distelrath, Stephan"]
[Black "Hennig, Edgar Paul"]
[Result "1-0"]
[WhiteElo "1998"]
[BlackElo "1849"]
[PlyCount "109"]
[EventDate "2016.09.11"]
[EventType "team-tourn"]
[EventRounds "11"]
[EventCountry "GER"]
[SourceTitle "EXT 2022"]
[Source "ChessBase"]
[SourceDate "2021.10.06"]
[SourceVersion "1"]
[SourceVersionDate "2021.10.06"]
[SourceQuality "1"]
[WhiteTeam "Koeln Ford SF"]
[BlackTeam "Satranc Club"]
[WhiteTeamCountry "GER"]
[BlackTeamCountry "GER"]

1. e4 c6 2. d4 d5 3. Nc3 dxe4 4. Nxe4 Nf6 5. Nxf6+ exf6 6. Bc4 Qe7+ 7. Qe2 Be6 8. Bd3 Bd5 9. Qxe7+ Bxe7 10. f3 Nd7 11. Ne2 Nb6 12. b3 0-0 13. 0-0 Rad8 14. Bb2 Rfe8 15. Rad1 Be6 16. c4 a5 17. Bc3 Bb4 18. a4 Na8 19. Bxb4 axb4 20. Kf2 Nc7 21. Rfe1 g6 22. g4 Bc8 23. Be4 Bd7 24. Nf4 Ne6 25. Nxe6 fxe6 26. h3 f5 27. Bc2 Kf7 28. g5 Bc8 29. f4 h5 30. Ke3 b6 31. a5 bxa5 32. Ra1 Re7 33. Rxa5 Red7 34. Rd1 Rc7 35. c5 Rdd7 36. Bd3 Ra7 37. Rda1 Rxa5 38. Rxa5 Ke7 39. Ra4 Rc7 40. Ba6 Bd7 41. Rxb4 Ra7 42. Rb6 Kd8 43. Kd3 Kc7 44. Kc4 Ra8 45. h4 Rb8 46. Rxb8 Kxb8 47. Kb4 Kc7 48. Ka5 Be8 49. b4 Bf7 50. Bc4 Bg8 51. b5 cxb5 52. Bxb5 Bf7 53. Ka6 Kb8 54. Kb6 Kc8 55. c6 1-0

[Event "NRW Class2 1112"]
[Site "Germany"]
[Date "2011.11.13"]
[Round "3.8"]
[White "Bykovskij, Sergej"]
[Black "Distelrath, Stephan"]
[Result "1/2-1/2"]
[WhiteElo "2025"]
[BlackElo "2009"]
[PlyCount "99"]
[EventDate "2011.09.18"]
[EventType "team-tourn"]
[EventRounds "9"]
[EventCountry "GER"]
[SourceTitle "EXT 2015"]
[Source "ChessBase"]
[SourceDate "2014.11.20"]
[SourceVersion "1"]
[SourceVersionDate "2014.11.20"]
[SourceQuality "1"]
[WhiteTeam "Herford"]
[BlackTeam "Koeln Ford SF"]
[WhiteTeamCountry "GER"]
[BlackTeamCountry "GER"]

1. d4 Nf6 2. Nf3 g6 3. c3 Bg7 4. Bg5 d5 5. e3 0-0 6. Bd3 Nbd7 7. Nbd2 c5 8. 0-0 Qb6 9. Qc1 Re8 10. Rd1 e5 11. Nxe5 Nxe5 12. dxe5 Rxe5 13. Nf3 Re8 14. Bc2 Bg4 15. Bxf6 Qxf6 16. Rxd5 Bxf3 17. gxf3 Qxf3 18. Qd1 Qh3 19. Qf1 Qh4 20. Rad1 Re5 21. Qg2 Rae8 22. Qf3 Rg5+ 23. Rxg5 Qxg5+ 24. Kh1 Qe7 25. Ba4 Qe4 26. Qxe4 Rxe4 27. Rd8+ Bf8 28. Bb3 Re7 29. Bd5 Kg7 30. a4 b6 31. Kg2 Rc7 32. Bc4 Be7 33. Rd5 h5 34. Kg3 Kf6 35. Kf4 Rc6 36. e4 Rc7 37. h3 Bf8 38. e5+ Ke7 39. Rd6 Bh6+ 40. Ke4 Bg5 41. f4 Bh4 42. f5 gxf5+ 43. Kxf5 Bg3 44. Rh6 h4 45. Rh7 Kf8 46. Kf6 Bxe5+ 47. Kf5 Bg3 48. Kf6 Rc6+ 49. Kf5 Rc7 50. Kf6 1/2-1/2

[Event "Regionalliga Mittelrhein 1011"]
[Site "Germany"]
[Date "2011.02.27"]
[Round "6.7"]
[White "Mueller, Hans Dieter"]
[Black "Distelrath, Stephan"]
[Result "1/2-1/2"]
[WhiteElo "1984"]
[BlackElo "1992"]
[PlyCount "50"]
[EventDate "2010.10.24"]
[EventType "team"]
[EventRounds "9"]
[EventCountry "GER"]
[SourceTitle "EXT 2015"]
[Source "ChessBase"]
[SourceDate "2014.11.20"]
[SourceVersion "1"]
[SourceVersionDate "2014.11.20"]
[SourceQuality "1"]
[WhiteTeam "Bruehl"]
[BlackTeam "Koeln Ford SF"]
[WhiteTeamCountry "GER"]
[BlackTeamCountry "GER"]

1. e4 e6 2. d4 d5 3. exd5 exd5 4. c4 c6 5. Nc3 Nf6 6. Bd3 Bd6 7. c5 Be7 8. Nge2 b6 9. cxb6 axb6 10. 0-0 Ba6 11. Bc2 0-0 12. Re1 Bxe2 13. Qxe2 Re8 14. Be3 Nbd7 15. Qf3 Bd6 16. Rac1 Qc7 17. Qh3 Nf8 18. g3 Ne6 19. Bb1 Qb7 20. Qf5 Qd7 21. Qf3 Qb7 22. Red1 Red8 23. Qf5 Qd7 24. a3 Nf8 25. Qf3 Ne6 1/2-1/2

[Event "Lippe Cup 06th"]
[Site "Lieme"]
[Date "2009.10.16"]
[Round "1"]
[White "Student, Martin"]
[Black "Distelrath, Stephan"]
[Result "0-1"]
[WhiteElo "1895"]
[BlackElo "2085"]
[PlyCount "58"]
[EventDate "2009.10.16"]
[EventType "swiss"]
[EventRounds "5"]
[EventCountry "GER"]
[SourceTitle "EXT 2012"]
[Source "ChessBase"]
[SourceDate "2011.11.24"]
[SourceVersion "1"]
[SourceVersionDate "2011.11.24"]
[SourceQuality "1"]

1. e4 e6 2. d4 d5 3. e5 c5 4. c3 Nc6 5. Nf3 Qb6 6. a3 cxd4 7. cxd4 Bd7 8. b4 Rc8 9. Be2 Nge7 10. 0-0 Nf5 11. Be3 Be7 12. g4 Nh4 13. Nbd2 Nxf3+ 14. Nxf3 f6 15. Qd3 0-0 16. Kh1 Be8 17. Qb1 Bg6 18. Bd3 Bxd3 19. Qxd3 fxe5 20. Nxe5 Nxe5 21. dxe5 Qc7 22. f4 Qc4 23. Qxc4 Rxc4 24. Rac1 b5 25. f5 Kf7 26. h3 Rfc8 27. Kg2 Rc2+ 28. Kf3 R2c3 29. Ke2 Rxe3+ 0-1

[Event "Cologne-ch"]
[Site "Cologne"]
[Date "2005.10.09"]
[Round "7.10"]
[White "Trommsdorf, Uwe"]
[Black "Distelrath, Stephan"]
[Result "1-0"]
[WhiteElo "2051"]
[BlackElo "2036"]
[PlyCount "143"]
[EventDate "2005.08.29"]
[EventType "swiss"]
[EventRounds "7"]
[EventCountry "GER"]
[SourceTitle "EXT 2006"]
[Source "ChessBase"]
[SourceDate "2005.11.24"]
[SourceVersion "1"]
[SourceVersionDate "2005.11.24"]
[SourceQuality "1"]

1. e4 e5 2. g3 d5 3. Nc3 d4 4. Nb1 Nf6 5. d3 Nc6 6. Bg2 Be6 7. h3 Be7 8. f4 exf4 9. gxf4 g6 10. Nf3 Nh5 11. Qd2 Ng3 12. Rg1 Qd7 13. Qf2 Nh5 14. Rh1 0-0-0 15. a4 Bb4+ 16. Kd1 f5 17. e5 Ne7 18. Ng5 c5 19. Nxe6 Qxe6 20. Nd2 Nd5 21. Nc4 Ne3+ 22. Bxe3 Qxc4 23. Bd2 Qe6 24. Qf3 Rd7 25. a5 Bxd2 26. Kxd2 a6 27. Ra3 Kb8 28. Rb3 Qe7 29. Re1 Rhd8 30. Rb6 Ka7 31. b4 cxb4 32. Rb1 Ng7 33. R1xb4 Rb8 34. Qf2 Ne6 35. Bc6 Rc7 36. Bd5 Qc5 37. Bc4 Rbc8 38. Ra4 Rc6 39. Kd1 Nd8 40. Rb2 R6c7 41. Rba2 Nc6 42. Bb3 Nb4 43. Ra1 Nxc2 44. Bxc2 Qxc2+ 45. Qxc2 Rxc2 46. R4a2 R2c3 47. Kd2 Kb8 48. Rb1 R8c7 49. Rb4 Rd7 50. Raa4 Rc5 51. Rxd4 Re7 52. Rd6 Kc7 53. h4 Rc6 54. Rad4 b6 55. Rxc6+ Kxc6 56. Rd6+ Kb5 57. axb6 a5 58. Kc3 a4 59. d4 Rb7 60. e6 h6 61. d5 Kc5 62. Rd7 Rxb6 63. e7 Rb3+ 64. Kd2 Rb2+ 65. Kc1 Re2 66. d6 a3 67. Kb1 a2+ 68. Ka1 g5 69. hxg5 hxg5 70. fxg5 f4 71. Rd8 f3 72. e8Q 1-0